000 00756nam a2200265Ia 4500
003 OSt
005 20220928113552.0
006 a|||||r|||| 00| 0
007 ta
008 220927b |||||||| |||| 00| 0 eng d
024 _a51767
037 _cTextual
040 _aSDCL
_cSDCL
_beng
041 _2eng
_aeng
082 _aD6,8(B),277, P8
100 _aPeterson Larry L
_9433841
245 0 _aComputer networks
_bA system approach.
250 _a4
260 _aAmsrerdam
_bMorgan Kaufmann
_c2008
300 _avii,196p.
_ccm.
490 _aNetwork simulation experiments manual.
700 _a Davie Bruce S
_9433842
942 _hD6,8(B),277, P8
_cTEXL
_2CC
999 _c750254
_d750254